Mística para seglares / (Record no. 113929)

MARC details
000 -LEADER
campo de control de longitud fija 00639nam a2200193 4500
001 - NÚMERO DE CONTROL
campo de control 113929
003 - IDENTIFICADOR DE NÚMERO DE CONTROL
campo de control ES-MaACL
007 - CAMPO FIJO DE DESCRIPCIÓN FÍSICA--INFORMACIÓN GENERAL
campo de control de longitud fija t|
008 - DATOS DE LONGITUD FIJA--INFORMACIÓN GENERAL
campo de control de longitud fija 061121m19611963sp r ||||1| spa d
100 1# - ENTRADA PRINCIPAL--NOMBRE DE PERSONA
Nombre de persona Pagés Vidal, Feliciano.
9 (RLIN) 88290
245 10 - MENCIÓN DEL TÍTULO
Título Mística para seglares /
Mención de responsabilidad, etc. Pbro. Felliciano Pagés Vidal.
260 ## - PUBLICACIÓN, DISTRIBUCIÓN, ETC.
Lugar de publicación, distribución, etc. Bilbao :
Nombre del editor, distribuidor, etc. Desclée de Brouwer,
Fecha de publicación, distribución, etc. 1961-1963.
300 ## - DESCRIPCIÓN FÍSICA
Extensión 2 v. ;
Dimensiones 19 cm.
490 1# - MENCIÓN DE SERIE
Mención de serie Colección spitirus
505 8# - NOTA DE CONTENIDO CON FORMATO
Nota de contenido con formato Contiene: V. I. Misterio de la configuración en Cristo. - V. II. Cristo vive en mí.
830 0# - PUNTO DE ACCESO ADICIONAL DE SERIE-TÍTULO UNIFORME
Título uniforme Colección spitirus
9 (RLIN) 233223
852 ## - LOCALIZACIÓN
Ubicación ES-MaACL
Número de control de estantería E-4912-13
Sublocalización o colección R.48077
Holdings
Estatus retirado Estado de pérdida Estado de daño No para préstamo Biblioteca de origen Biblioteca actual Ubicación en estantería Fecha de adquisición Fuente de adquisición Total de préstamos Signatura topográfica completa Código de barras Visto por última vez Precio de reemplazo Tipo de ítem Koha
        Biblioteca del Ateneo de Madrid Biblioteca del Ateneo de Madrid Depósito 2 17/01/2008     E-4912-13 1118817 23/02/2023 23/02/2023 Libro impreso